Loreto College Library, Kolkata
WEBOPAC (ONLINE PUBLIC ACCESS CATALOGUE)

John Dryden (Record no. 5899)

MARC details
000 -LEADER
fixed length control field 00619nam a2200217Ia 4500
005 - DATE AND TIME OF LATEST TRANSACTION
control field 20230109152903.0
008 - FIXED-LENGTH DATA ELEMENTS--GENERAL INFORMATION
fixed length control field 131103s9999 xx 000 0 und d
040 ## - CATALOGING SOURCE
Original cataloging agency Loreto College
041 ## - LANGUAGE CODE
Language code English
082 ## - DDC | ডিউই
Classification number | বর্গসংখ্যা 821.4
Book Number | গ্রন্থাঙ্ক DRY-DOR
100 ## - MAIN ENTRY--PERSONAL NAME | মুখ্য সংলেখ - ব্যাক্তিনাম
Personal name | ব্যাক্তিনাম Doren,Mark Van
245 ## - TITLE STATEMENT | অাখ্যা বিবরণী
Title | অাখ্যা John Dryden
Sub title | উপঅাখ্যা A study of his poetry
Statement of responsibility | লেখকের দায়িত্বের বিবরণ Mark Van Doren
260 ## - IMPRINT | প্রকাশনা ক্ষেত্র
Place of publication | প্রকাশ স্থান Bloomington
Name of publisher | প্রকাশকের নাম Indiana University Press
Date of publication | প্রকাশ কাল 1963
300 ## - PHYSICAL DESCRIPTION |
Page / Vol. No | পৃষ্ঠা / খন্ড সংখ্যা x,299 p.
504 ## - BIBLIOGRAPHY, ETC. NOTE
Bibliography, etc Includes appendix and index
630 ## - SUBJECT ADDED ENTRY--UNIFORM TITLE
Uniform title 17th century poet - Dryden - Criticism
650 ## - SUBJECT ADDED ENTRY--TOPICAL TERM | বিষয় শিরোনাম - মূল বিষয়
Topical term | মূল বিষয় Dryden,John,1631 - 1700
651 ## - SUBJECT ADDED ENTRY--GEOGRAPHIC NAME | বিষয় শিরোনাম - ভৌগলিক নাম
Geographic name | ভৌগলিক বিষয় English Poetry
850 ## - HOLDING INSTITUTION
Holding institution LCLIB
942 ## - ADDED ENTRY ELEMENTS (KOHA)
Koha item type Books
Holdings
Withdrawn status Lost status Source of classification Damaged status Not for loan Home library Current library Date acquired Total Checkouts Full call number Accession No. Date last seen Price effective from Koha item type Coded location qualifier
    Dewey Decimal Classification     Loreto College Loreto College 04/11/2013   821.4 DRY-DOR 13243 B5766 04/11/2013 04/11/2013 Books